[Event "Wakefield 4NCL op-B 14th"]
[Site "Wokefield"]
[Date "2017.07.16"]
[Round "5"]
[White "De Coverly, Roger D"]
[Black "Lucey, Michael"]
[Result "1/2-1/2"]
[WhiteElo "1971"]
[BlackElo "1765"]
[PlyCount "34"]
[EventDate "2017.07.14"]
[EventType "swiss"]
[EventRounds "5"]
[EventCountry "ENG"]
[SourceTitle "EXT 2018"]
[Source "ChessBase"]
[SourceDate "2017.10.13"]
[SourceVersion "1"]
[SourceVersionDate "2017.10.13"]
[SourceQuality "1"]

1. e4 c5 2. Nf3 Nc6 3. g3 g6 4. Bg2 Bg7 5. 0-0 e6 6. d3 Nge7 7. c3 d5 8. Nbd2 0-0 9. Re1 b6 10. e5 Qc7 11. d4 cxd4 12. cxd4 Nb4 13. Re3 Qc2 14. Re1 Ba6 15. Bf1 Bxf1 16. Rxf1 Qxd1 17. Rxd1 Rac8 1/2-1/2

[Event "Sunningdale e2e4 op U2050 05"]
[Site "Sunningdale"]
[Date "2013.05.27"]
[Round "7"]
[White "Balouka Myers, Reuben"]
[Black "Lucey, Michael"]
[Result "0-1"]
[WhiteElo "1592"]
[BlackElo "1793"]
[PlyCount "52"]
[EventDate "2013.05.24"]
[EventType "swiss"]
[EventRounds "7"]
[EventCountry "ENG"]
[SourceTitle "EXT 2014"]
[Source "ChessBase"]
[SourceDate "2013.11.20"]
[SourceVersion "1"]
[SourceVersionDate "2013.11.20"]
[SourceQuality "1"]

1. e4 d6 2. d4 Nf6 3. Nc3 g6 4. f3 Bg7 5. Be3 c6 6. Bc4 b5 7. Bd3 b4 8. Na4 Ba6 9. Bxa6 Nxa6 10. Ne2 Qa5 11. b3 0-0 12. h4 h5 13. Rg1 e5 14. Qd2 exd4 15. Nxd4 c5 16. Ne2 d5 17. exd5 Nxd5 18. 0-0-0 Nxe3 19. Qxe3 Rfe8 20. Qf2 Qc7 21. g4 Qe5 22. c3 Qxe2 23. Qg3 Rad8 24. Rxd8 Rxd8 25. gxh5 Qd2+ 26. Kb1 bxc3 0-1

[Event "Sunningdale e2e4 op U2050 05"]
[Site "Sunningdale"]
[Date "2013.05.26"]
[Round "4"]
[White "Lucey, Michael"]
[Black "Archer Lock, Christopher J"]
[Result "0-1"]
[WhiteElo "1793"]
[BlackElo "2039"]
[PlyCount "60"]
[EventDate "2013.05.24"]
[EventType "swiss"]
[EventRounds "7"]
[EventCountry "ENG"]
[SourceTitle "EXT 2014"]
[Source "ChessBase"]
[SourceDate "2013.11.20"]
[SourceVersion "1"]
[SourceVersionDate "2013.11.20"]
[SourceQuality "1"]

1. Nf3 e6 2. g3 f5 3. c4 Nf6 4. Nc3 d5 5. cxd5 exd5 6. d4 Bd6 7. Bg2 c6 8. Bg5 h6 9. Bd2 0-0 10. e3 Nbd7 11. h4 Ne4 12. h5 Ndf6 13. Ne5 Bxe5 14. dxe5 Ng4 15. Nxe4 fxe4 16. Rf1 Nxe5 17. Qb3 Nd3+ 18. Kd1 Bg4+ 19. Kc2 Bxh5 20. Bc3 Qe7 21. a3 Be2 22. Bb4 Nxb4+ 23. axb4 Bd3+ 24. Kd2 Bxf1 25. Rxf1 a5 26. b5 Qb4+ 27. Qxb4 axb4 28. bxc6 bxc6 29. Bh3 Rf6 30. Ke2 Ra2 0-1

[Event "High Wycombe e2e4 op 10"]
[Site "High Wycombe"]
[Date "2012.10.14"]
[Round "4"]
[White "Tello, Yasser"]
[Black "Lucey, Michael"]
[Result "1/2-1/2"]
[WhiteElo "1934"]
[BlackElo "1830"]
[PlyCount "89"]
[EventDate "2012.10.12"]
[EventType "swiss"]
[EventRounds "5"]
[EventCountry "ENG"]
[SourceTitle "EXT 2023"]
[Source "ChessBase"]
[SourceDate "2022.10.05"]
[SourceVersion "1"]
[SourceVersionDate "2022.10.05"]
[SourceQuality "1"]

1. e4 c5 2. Nc3 g6 3. Nf3 Bg7 4. d4 cxd4 5. Nxd4 d6 6. Be3 Nf6 7. Be2 Nc6 8. 0-0 0-0 9. Nb3 Be6 10. f4 Bxb3 11. axb3 a6 12. Bf3 Qc7 13. Qd2 Rac8 14. Nd5 Nxd5 15. exd5 Nb8 16. c3 Nd7 17. Rad1 h5 18. Rfe1 f5 19. Qf2 Nf6 20. h3 Qd7 21. Bd4 Ne8 22. Rd2 Bxd4 23. Qxd4 Nf6 24. Rde2 Rf7 25. Ra1 Qb5 26. Qd1 Qc5+ 27. Kh1 Ng4 28. Qg1 Qxg1+ 29. Kxg1 Nf6 30. Ra4 Rc7 31. Rc4 Rxc4 32. bxc4 Kf8 33. Kf2 h4 34. Ke3 Rg7 35. b4 Nd7 36. Kd4 g5 37. fxg5 Ne5 38. c5 Rxg5 39. Rxe5 dxe5+ 40. Kxe5 Ke8 41. Kf4 Rg7 42. Kxf5 Kd7 43. Ke5 Rg5+ 44. Kf4 Rg7 45. Ke5 1/2-1/2

[Event "High Wycombe e2e4 op 10"]
[Site "High Wycombe"]
[Date "2012.10.13"]
[Round "2"]
[White "Verma, Aditya"]
[Black "Lucey, Michael"]
[Result "0-1"]
[WhiteElo "1606"]
[BlackElo "1830"]
[PlyCount "70"]
[EventDate "2012.10.12"]
[EventType "swiss"]
[EventRounds "5"]
[EventCountry "ENG"]
[SourceTitle "EXT 2013"]
[Source "ChessBase"]
[SourceDate "2012.11.22"]
[SourceVersion "1"]
[SourceVersionDate "2012.11.22"]
[SourceQuality "1"]

1. e4 c5 2. Nc3 g6 3. f4 Bg7 4. Nf3 e6 5. Bb5 a6 6. Bc4 b5 7. Be2 Bb7 8. d3 Ne7 9. 0-0 b4 10. Nb1 d5 11. e5 Nbc6 12. Be3 d4 13. Bf2 Nd5 14. Qd2 Bh6 15. Bg3 Nce7 16. a3 a5 17. c3 0-0 18. cxd4 cxd4 19. Kh1 Nf5 20. Re1 Rc8 21. axb4 axb4 22. Rc1 Qb6 23. Ra4 Rxc1+ 24. Qxc1 Rc8 25. Qd2 Nfe3 26. Ne1 Qb5 27. b3 Qc5 28. Ra1 Bxf4 29. Bxf4 Nxf4 30. Bf3 Bxf3 31. gxf3 Qxe5 32. Qf2 Rc1 33. Qh4 Nf5 34. Qd8+ Kg7 35. Kg1 Qxe1# 0-1